Examen del quijotismo (Record no. 3497)

MARC details
000 -CABECERA
campo de control de longitud fija 00645nam a2200217 a 4500
001 - NÚMERO DE CONTROL
campo de control BRCA_3768
005 - FECHA Y HORA DE LA ÚLTIMA TRANSACCIÓN
campo de control 20190320204422.0
008 - DATOS DE LONGITUD FIJA--INFORMACIÓN GENERAL
campo de control de longitud fija 221009s1950----ag-#---###---#000-0#spa-#
041 ## - CÓDIGO DE LENGUA
Código de lengua del texto/banda sonora o título independiente spa
044 ## - CÓDIGO DEL PAÍS DE LA ENTIDAD EDITORA/PRODUCTORA
Código MARC del país ag
050 #4 - SIGNATURA TOPOGRÁFICA DE LA BIBLIOTECA DEL CONGRESO
Número de clasificación PQ6323
Número de documento/Ítem .M33 1950
100 1# - ENTRADA PRINCIPAL--NOMBRE DE PERSONA
Nombre de persona Mañach, Jorge
Fechas asociadas al nombre 1898-1961
9 (RLIN) 9822
245 10 - MENCIÓN DE TÍTULO
Título Examen del quijotismo
Mención de responsabilidad, etc. Jorge Mañach.
260 ## - PUBLICACIÓN, DISTRIBUCIÓN, ETC.
Lugar de publicación, distribución, etc. Buenos Aires
Nombre del editor, distribuidor, etc. Sudamericana
Fecha de publicación, distribución, etc. 1950
300 ## - DESCRIPCIÓN FÍSICA
Extensión 161 p.
Dimensiones 17 cm.
440 #0 - MENCIÓN DE SERIE/PUNTO DE ACCESO ADICIONAL--TÍTULO
Título Ensayos breves
9 (RLIN) 9823
500 ## - NOTA GENERAL
Nota general Donación realizada por el Dr. José Israel Rangel Sandoval
600 14 - PUNTO DE ACCESO ADICIONAL DE MATERIA--NOMBRE DE PERSONA
Nombre de persona Cervantes Saavedra, Miguel de
Fechas asociadas al nombre 1547-1616
Título de la obra Don Quijote
9 (RLIN) 9824
902 ## - CATALOGADOR
Iniciales CERV
942 ## - ELEMENTOS DE PUNTO DE ACCESO ADICIONAL (KOHA)
Fuente del sistema de clasificación o colocación Library of Congress Classification
Tipo de ítem Koha Libros
Holdings
Estado de retiro Estado de pérdida Estado dañado No para préstamo Localización permanente Ubicación/localización actual Fecha de adquisición Total de préstamos Signatura topográfica completa Código de barras Fecha visto por última vez Precio válido a partir de Tipo de ítem Koha
El ejemplar forma parte de la colección y puede ser consultado según las políticas vigentes.       Biblioteca del Museo Franz Mayer (Rogerio Casas-Alatriste) Biblioteca del Museo Franz Mayer (Rogerio Casas-Alatriste) 22/10/2009   PQ6323 .M33 1950 CERV00004 22/03/2019 22/03/2019 Libros